000 00516nam a22001697a 4500
005 20260423103546.0
008 260423b |||||||| |||| 00| 0 eng d
020 _a978-93-5283-718-2
100 _aDASS, H. K.
245 _aADVANCED ENGINEERING MATHEMATICS
_bFOR THE STUDENTS OF M, E, B, E, AND OTHER ENGINEERING EXAMINATIONS
250 _a22ED
260 _aNEW DELHI
_bS. CHAND PUBLISHING
_c2022
300 _aXXV, 1410P.
500 _aINCLUDES INDEX
650 _aENGINEERING MATHEAMATICS
942 _2lcc
_cBK
999 _c217049
_d217049